=LDR 00000nam 2200000 4500 =001 INLIS000000000041436 =005 20200326092936 =035 ##$$a 0010-061300000041436 =008 200326################g##########0#ind## =041 ##$$a ind =082 ##$$a 297.43 =090 ##$$a 297.43, Shi , j =100 ##$$a Shihab, M. Quraish =245 1#$$a Jilbab pakaian wanita muslimah : $b Pandangan ulama masa lalu dan cendekiawan kontemporer /$c M. Quraish Shihab =260 ##$$a Jakarta :$b Lentera Hati,$c 2004 =300 ##$$a v, 176 hlm. ; $c 14 x 20 cm. =650 #4$$a Jilbab =850 ##$$a NBPNMAT =020 ##$$a 979-9048-30-3 =084 ##$$a 297.43 SHI j =990 ##$$a 20606033 =990 ##$$a 20606034